000 00335nam a2200133Ia 4500
008 231221s9999 xx 000 0 und d
020 _a978-0-387-30038-2
041 _aEnglish
100 _aBorko Furht
245 0 _aEncyclopedia of Multimedia
260 _c2006
_bSpringer US
_aNew York
650 _aComputer Science
942 _cEB
999 _c218103
_d218103